000 00473cam a2200181 4500
001 D4860
008 090401t1975 xxu||||| |||| 00| 0 eng d
035 _a(Sirsi) u22480
041 _aeng
050 _a526.99
110 _aMinistry of Defence (Royal Navy)
_91306
245 _aReport of the hydrographic study group 1974-75
260 _aLondon
_bMinistry of Defence
_c1975
300 _ac60p. illus. charts. 30cm
350 _a0
942 _n0
948 _c04/03/1997
999 _c88189
_d88189